000 00251nam a2200097Ia 4500
008 190216s9999||||xx |||||||||||||| ||und||
100 _aNull
245 0 _aHindi-Sarveshvarka Kavya Samvedana Aur Samprekshan
260 _bSandhy Pubs.Calicut
942 _cBK
999 _c18335
_d18335